000 00435nam a2200157Ia 4500
005 20250502105609.0
008 231217s9999 xx 000 0 und d
020 _a9780470822302
082 _a658.8342 SRI;2 R1
100 _aSrinivas, Alam.
245 0 _aIndian consumer : one billion myths, one billion realities
260 _c2008
_bJohn Wiley & Sons
_aUSA
300 _a216
500 _aContent page available
942 _cAA
999 _c183597
_d183597